Statistics for Weezer "Beverly Hills" Lyrics

Click here to take the quiz!

General Stats

  • This quiz has been taken 116 times
  • The average score is 172 of 219

Answer Stats

Answer% Correct
A
96%
I
96%
Where
96%
Be
95%
That
95%
In
94%
To
94%
Beverly
93%
Hills
93%
That's
93%
When
93%
My
90%
Want
90%
All
88%
And
88%
Living
87%
Is
85%
Come
84%
From
84%
Just
84%
Of
83%
The
82%
Go
80%
Me
80%
Are
79%
Like
79%
Crap
78%
Piece
78%
As
77%
Automobile
77%
Great
77%
Isn't
77%
At
76%
No
76%
So
76%
Wanna
76%
Friends
74%
They
74%
They?
74%
Look
73%
I'm
72%
Life
72%
Live
71%
Little
70%
Stars
70%
Clean
68%
Fashion
68%
Whack
68%
Why
68%
Don't
67%
Girls
67%
Sense
67%
Beautiful
66%
Take
66%
Thing
66%
Those
66%
By
65%
King
65%
Beat
63%
Pocket
63%
Rolling
63%
Big
62%
Didn't
62%
Never
62%
Got
61%
Movie
61%
Next
61%
Picture
61%
They're
61%
Boarding
60%
Looked
60%
Pool
60%
'Cause
59%
It's
57%
Should
57%
Will
57%
Ain't
56%
Belong
56%
Between
56%
Down
56%
Get
56%
Into
56%
Nothing
56%
Preppy
56%
Truth
56%
Way
56%
Always
55%
Born
54%
Celebrity
54%
Fool
54%
Chance
52%
Something
52%
Watch
52%
You're
52%
Spaces
51%
Stand
51%
Might
50%
Scrub
50%
Play
49%
Schools
49%
Well
49%
Floors
48%
Enjoy
45%
Nobody
45%
Housemaids
44%
Class
43%
Screwy
37%

Score Distribution

Percentile by Number Answered

Percent of People with Each Score

Your Score History

You have not taken this quiz